Derecho colectivo del trabajo: teoría y análisis de sus normas
Gespeichert in:
| 1. Verfasser: | |
|---|---|
| Format: | Buch |
| Sprache: | Spanisch |
| Veröffentlicht: |
Santiago
Jurídica de Chile
1989
|
| Schlagworte: | |
| Tags: |
Tag hinzufügen
Keine Tags, Fügen Sie den ersten Tag hinzu!
|
MARC
| LEADER | 00000nam a2200000 a 4500 | ||
|---|---|---|---|
| 001 | UCV1415 | ||
| 003 | CL-VaPUC | ||
| 008 | 900612e19890000CL |||||||||||||||||spa|d | ||
| 082 | 0 | 4 | |a 344.83018 |b MAC |2 21 |
| 100 | |a Macchiavello Contreras, Guido Constantino |e autor |9 760679 | ||
| 245 | 1 | 0 | |a Derecho colectivo del trabajo: teoría y análisis de sus normas |
| 300 | |a 548 p | ||
| 942 | |c BK | ||
| 945 | |d 19900612 00:00:00 | ||
| 260 | |a Santiago |b Jurídica de Chile |c 1989 | ||
| 650 | 7 | |a CONTRATOS COLECTIVOS DE TRABAJO |2 CL-VaPUC |9 255033 | |
| 650 | 7 | |a HUELGAS |2 CL-VaPUC |9 255320 | |
| 650 | 0 | |a Sindicatos |9 255034 | |
| 583 | |a last modification |c 19900612 00:00:00 |k Rodrigo Vera | ||
| 999 | |c 209373 |d 209371 | ||
| 952 | |0 0 |1 0 |4 0 |6 344_830180000000000_MAC_1989 |7 0 |8 A |9 184740 |a BIBDER |b BIBDER |d 2019-11-14 |i 3085325 |l 8 |m 2 |o 344.83018 MAC 1989 |p 3085325 |r 2023-01-25 |s 2022-10-25 |w 2019-11-14 |y BK |k DER | ||
| 952 | |0 0 |1 0 |4 0 |6 344_830180000000000_MAC_1989 |7 0 |8 A |9 184741 |a BIBDER |b BIBDER |d 2019-11-14 |i 3928446 |o 344.83018 MAC 1989 |p 3928446 |r 2023-01-25 |w 2019-11-14 |y BK |k DER | ||
| 952 | |0 0 |1 0 |2 ddc |4 0 |6 344_830180000000000_MAC_1989 |7 0 |8 A |9 578338 |a BIBDER |b BIBDER |d 2021-06-29 |i 2520605 |l 1 |o 344.83018 MAC 1989 |p 2520605 |r 2023-01-25 |s 2021-06-29 |w 2021-06-29 |y BK |k DER | ||